| 000 | 01009cam a2200301 4500 | ||
|---|---|---|---|
| 001 | 764670 | ||
| 003 | ARRUPE | ||
| 005 | 20131008162730.0 | ||
| 008 | 700518s1970 nyu b 001 0 eng | ||
| 010 | _a 70103055 | ||
| 040 |
_aDLC _cDLC _dDLC |
||
| 041 | 1 |
_aeng _hita |
|
| 050 | 0 | 0 |
_aCB478 _b.R6513 1970 |
| 100 | 1 |
_aRossi, Paolo, _d1923- _92274 |
|
| 240 | 1 | 0 |
_aFilosofi e le macchine. _lEnglish |
| 245 | 1 | 0 |
_aPhilosophy, technology, and the arts in the early modern era. _cTranslated by Salvator Attanasio. Edited by Benjamin Nelson. |
| 250 | _a[1st ed.] | ||
| 260 |
_aNew York, _bHarper & Row _c[1970] |
||
| 300 |
_axii, 194 p. _c21 cm. |
||
| 350 | _a$2.95 | ||
| 490 | 0 | _aHarper torchbooks, TB 1458 | |
| 500 | _aTranslation of I filosofi e le macchine. | ||
| 504 | _aIncludes bibliographical references. | ||
| 650 | 0 |
_aTechnology and civilization. _92275 |
|
| 700 | 1 |
_aNelson, Benjamin, _d1911-1977, _eed. _92276 |
|
| 906 |
_a7 _bcbc _corignew _du _encip _f19 _gy-gencatlg |
||
| 942 |
_2lcc _cMONOGRAPH |
||
| 999 |
_c118287 _d118287 |
||